ESSENTIAL OF COMMUNITY MEDICINE A PRACTICAL APPROACH (Record no. 8240)

MARC details
000 -LEADER
fixed length control field 00510nam a22001817a 4500
005 - DATE AND TIME OF LATEST TRANSACTION
control field 20230403132244.0
008 - FIXED-LENGTH DATA ELEMENTS--GENERAL INFORMATION
fixed length control field 230328b |||||||| |||| 00| 0 eng d
020 ## - INTERNATIONAL STANDARD BOOK NUMBER
ISBN 978-93-5025-044-0
041 ## - LANGUAGE CODE
Language code of text/sound track or separate title eng
082 ## - DEWEY DECIMAL CLASSIFICATION NUMBER
Classification number 362.1 HIR-E
100 ## - MAIN ENTRY--AUTHOR NAME
Personal name HIREMATH, LALITA D. AND HIREMATH ,DHANANJAYA A
245 ## - TITLE STATEMENT
Title ESSENTIAL OF COMMUNITY MEDICINE A PRACTICAL APPROACH
250 ## - EDITION STATEMENT
Edition statement 2nd ed.
260 ## - PUBLICATION, DISTRIBUTION, ETC. (IMPRINT)
Name of publisher JAPEE BROTHERS
Year of publication 2012
300 ## - PHYSICAL DESCRIPTION
Number of Pages 456;P.
650 ## - SUBJECT ADDED ENTRY--TOPICAL TERM
Topical Term PHARMACY
General subdivision B. PHARMA
942 ## - ADDED ENTRY ELEMENTS (KOHA)
Koha item type Books
Holdings
Lost status Damaged status Collection code Home library Current library Shelving location Date acquired Source of acquisition Cost, normal purchase price Full call number Accession Number Koha item type
    Reference JRU Library JRU Library Shelf - 27- G 23/03/2023 LOHIA BOOK INTERNATIONAL 750.00 362.1 HIR-E 27565 Books
    PHARMACY JRU Library JRU Library Shelf - 27- G 23/03/2023 LOHIA BOOK INTERNATIONAL 750.00 362.1 HIR-E 27566 Books
    PHARMACY JRU Library JRU Library Shelf - 27- G 23/03/2023 LOHIA BOOK INTERNATIONAL 750.00 362.1 HIR-E 27567 Books
    PHARMACY JRU Library JRU Library Shelf - 27- G 23/03/2023 LOHIA BOOK INTERNATIONAL 750.00 362.1 HIR-E 27568 Books
    PHARMACY JRU Library JRU Library Shelf - 27- G 23/03/2023 LOHIA BOOK INTERNATIONAL 750.00 362.1 HIR-E 27569 Books